000 00585cam a22002291 4500
001 sa 68010766
003 DLC
005 20260227112555.0
008 891228s1968 ii b 000 0 hino
010 _asa 68010766
035 _a(OCoLC)20831760
040 _aDLC
_cWaU
_dDLC
042 _apremarc
050 0 0 _aPK1939
_b.S48
100 1 _aŚarmā, Vinayamohana,
_d1905-
245 1 0 _aHindī kā vyāvahārika rūpa.
260 _c[1968]
300 _a116 p.
_c22 cm.
500 _aIn Hindi.
504 _aBibliographical footnotes.
650 0 _aHindi language
_xSpoken Hindi.
999 _c83525
_d83525